[Event "14th Liberec Open"]
[Site "Liberec CZE"]
[Date "2013.10.31"]
[Round "7.29"]
[White "Oglaza,Oskar"]
[Black "Vetter,U"]
[Result "0-1"]
[WhiteElo "1566"]
[BlackElo "1678"]

1.e4 c5 2.Nf3 Nc6 3.Bb5 Nd4 4.Nxd4 cxd4 5.O-O g6 6.d3 Bg7 7.f4 e6 8.f5 e5
9.fxg6 hxg6 10.Qf3 Qf6 11.Bc4 Qxf3 12.Rxf3 f6 13.Bd2 d6 14.Rg3 g5 15.Bb4 Ke7
16.h3 Bd7 17.Bd5 Nh6 18.Na3 a5 19.Bd2 Bc6 20.Nc4 Bxd5 21.Nb6 Be6 22.Nxa8 Rxa8
23.a3 b5 24.b4 a4 25.Rb1 Rc8 26.Rb2 d5 27.h4 Nf7 28.exd5 Bxd5 29.hxg5 Nxg5
30.Bxg5 fxg5 31.Rxg5 Bf6 32.Rg4 Rc3 33.Kf2 Rxa3 34.Ke2 Ra1 35.c3 a3 36.Rd2 a2  0-1

[Event "Stockholm All Saints Open 2013"]
[Site "Stockholm SWE"]
[Date "2013.10.31"]
[Round "2.6"]
[White "Horn,E"]
[Black "Aroven,M"]
[Result "1/2-1/2"]
[WhiteElo "1993"]
[BlackElo "2101"]

1.e4 c5 2.Nf3 Nc6 3.Bb5 g6 4.Bxc6 dxc6 5.d3 Bg7 6.O-O Qc7 7.Nc3 Nf6 8.h3 Nd7
9.Bg5 e5 10.Qd2 h6 11.Be3 g5 12.Ne2 b6 13.Ng3 Nf6 14.a4 a5 15.Qc3 Be6 16.Qxe5 Qxe5
17.Nxe5 Nxe4 18.Nxe4 Bxe5 19.f4 gxf4 20.Bxf4 Bxf4 21.Rxf4 Ke7 22.g4 h5 23.Ng5 Rag8
24.Nxe6 fxe6 25.Kg2 Rg5 26.Re1 hxg4 27.Rxg4 Rf5 28.Rg6 Rf6 29.Rxf6 Kxf6 30.Re4 Kf5
31.Rg4 Rh7 32.Kg3 Rh8 33.h4 Rh7 34.Rg5+ Kf6 35.Kg4 Rd7 36.b3 Rd4+ 37.Kg3 Rd8
38.Rg4 Rh8 39.Rg5  1/2-1/2

[Event "2nd Danube Rapid Cup 2013"]
[Site "Kozloduy BUL"]
[Date "2013.11.01"]
[Round "2.2"]
[White "Iordachescu,V"]
[Black "Saric,Iv"]
[Result "0-1"]
[WhiteElo "2614"]
[BlackElo "2628"]

1.e4 c5 2.Nf3 Nc6 3.Bb5 g6 4.Bxc6 dxc6 5.d3 Bg7 6.h3 b6 7.O-O Nf6 8.a4 a5
9.Na3 O-O 10.Bd2 Nd7 11.Qc1 Re8 12.Bh6 Bh8 13.Rd1 Ba6 14.c3 e5 15.Nc4 Qe7
16.b3 f5 17.exf5 gxf5 18.Re1 Bxc4 19.bxc4 Qf6 20.Bg5 Qf7 21.Bh4 e4 22.dxe4 fxe4
23.Nh2 Re6 24.Ng4 Bg7 25.Qe3 Rae8 26.Bg5 Rg6 27.f4 h6 28.Bh4 h5 29.Nf2 Bf6
30.Bg5 Bxg5 31.fxg5 Qxc4 32.Rad1 Re7 33.Qf4 Rge6 34.Qh4 Qxc3 35.Qxh5 e3 36.Ng4 e2
37.Rxe2 Rxe2 38.Nh6+ Kg7 39.Nf5+ Kg8 40.Nh6+ Kg7 41.Nf5+ Kf8 42.Qh6+ Ke8
43.Qg6+ Kd8 44.Nxe7 Re1+ 45.Rxe1 Qxe1+ 46.Kh2 Qe5+ 47.Kh1 Qxe7 48.Qh6 Ne5
49.g6 Qf6 50.Qh7 Qxg6 51.Qb7 Nd7  0-1

[Event "2nd Danube Rapid Cup 2013"]
[Site "Kozloduy BUL"]
[Date "2013.11.01"]
[Round "4.5"]
[White "Nevednichy,V"]
[Black "Topalov,V"]
[Result "0-1"]
[WhiteElo "2590"]
[BlackElo "2774"]

1.e4 c5 2.Nf3 Nc6 3.Bb5 d6 4.Bxc6+ bxc6 5.O-O Bg4 6.h3 Bh5 7.e5 e6 8.d3 d5
9.c4 Ne7 10.Nc3 Nc8 11.Qe2 Be7 12.b3 O-O 13.Ba3 Nb6 14.Rac1 Rc8 15.Rfd1 Kh8
16.Nb1 Nd7 17.Bb2 a5 18.Nc3 Bxf3 19.Qxf3 Nxe5 20.Qe2 Ng6 21.Na4 Bd6 22.Ba3 Qe7
23.Re1 d4 24.g3 e5 25.h4 Rfe8 26.Qg4 Qf8 27.h5 f5 28.Qh3 Ne7 29.Bxc5 Bb8
30.Kg2 Qf6 31.Rc2 Ng8 32.Rce2 Qf7 33.f3 Re6 34.Nb2 Rh6 35.g4 Nf6 36.Nd1 e4
37.dxe4 Nxh5 38.gxh5 Rxh5 39.Qxf5 Rxf5 40.exf5 Rg8 41.Bxd4 Qxf5 42.Re4 Rf8
43.R1e3 Bf4 44.Rd3 Qg6+ 45.Kf1 Be5 46.Bf2 Bg3 47.Bxg3  0-1

[Event "2nd Danube Rapid Cup 2013"]
[Site "Kozloduy BUL"]
[Date "2013.11.01"]
[Round "5.4"]
[White "Baklan,V"]
[Black "Ivanisevic,I"]
[Result "1-0"]
[WhiteElo "2627"]
[BlackElo "2619"]

1.e4 c5 2.Nf3 Nc6 3.Bb5 b6 4.O-O Bb7 5.c3 a6 6.Ba4 e6 7.d4 b5 8.Bb3 cxd4
9.cxd4 Na5 10.Bc2 Rc8 11.Nbd2 Qc7 12.Bd3 Nf6 13.a4 Be7 14.Qe2 O-O 15.axb5 axb5
16.Bxb5 Qb6 17.Bd3 Nh5 18.Qe3 Qc7 19.Ne5 Ra8 20.Rb1 f6 21.Nec4 Nc6 22.g3 Nxd4
23.Qxd4 Bc5 24.Qc3 Nxg3 25.Ne3 Nxf1 26.Ndxf1 Qb6 27.b4 Bd4 28.Nc4 Bxf2+ 29.Kg2 Qa7
30.Nd6 Bd4 31.Qc4 Qa2+ 32.Qxa2 Rxa2+ 33.Kh3 Ba8 34.Nd2 Be5 35.N6c4 d5 36.Nxe5 fxe5
37.Kg3 Rc8 38.Bb2 Bb7 39.Kf3 Bc6 40.b5 Bb7 41.Ke3 d4+ 42.Ke2 Kf7 43.Bc4 Ra4
44.Rf1+ Ke7 45.Bb3 Ra5 46.Nc4 Rxb5 47.Ba3+ Kd8 48.Ba4 Ba6 49.Rf8+ Kc7 50.Rxc8+ Kxc8
51.Nd6+ Kc7 52.Bxb5  1-0

[Event "TCh-NOR Eliteserien 2013-14"]
[Site "Oslo NOR"]
[Date "2013.11.01"]
[Round "1.1"]
[White "Tari,A"]
[Black "Gullaksen,E"]
[Result "1/2-1/2"]
[WhiteElo "2420"]
[BlackElo "2371"]

1.e4 c5 2.Nf3 Nc6 3.Bb5 g6 4.Bxc6 dxc6 5.d3 Bg7 6.h3 b6 7.O-O e5 8.Nc3 f6
9.Be3 Nh6 10.a3 Nf7 11.b4 cxb4 12.axb4 O-O 13.b5 Bd7 14.Ra6 Nd6 15.Qa1 Nc8
16.Rb1 c5 17.Nd5 Rb8 18.Nd2 Be6 19.c4 Rb7 20.Bxc5 Re8 21.Be3 h5 22.d4 f5
23.dxe5 fxe4 24.Nxe4 Bxd5 25.cxd5 Rxe5 26.Qa4 Qxd5 27.f3 Qd3 28.Qb3+ Qxb3
29.Rxb3 Rd5 30.Ra2 Nd6 31.Nxd6 Rxd6 32.Rba3 Rdd7 33.Kf2 Rbc7 34.f4 Bd4 35.Bxd4 Rxd4
36.Ke3 Rdd7 37.g4  1/2-1/2

[Event "e2e4 Gatwick Nov Open"]
[Site "Crawley ENG"]
[Date "2013.11.02"]
[Round "2"]
[White "Sarakauskas,G"]
[Black "Jones,Steven A"]
[Result "1-0"]
[WhiteElo "2394"]
[BlackElo "2054"]

1.e4 c5 2.Nf3 Nc6 3.Bb5 d6 4.O-O Bd7 5.Re1 Nf6 6.h3 g6 7.c3 a6 8.Bf1 Bg7
9.d4 cxd4 10.cxd4 e5 11.Nc3 O-O 12.Be3 exd4 13.Nxd4 Re8 14.f3 Nxd4 15.Bxd4 Bc6
16.Qd2 Qa5 17.Rad1 d5 18.exd5 Rxe1 19.Qxe1 Nxd5 20.Bxg7 Kxg7 21.Qe5+ f6 22.Rxd5 Qxd5
23.Qxd5 Bxd5 24.Nxd5 Rd8 25.Bc4 b5 26.Bb3 a5 27.a3 Rc8 28.Nc3 Rb8 29.Nd5 Rc8
30.Kf2 a4 31.Bd1 Rd8 32.Nc3 Rd2+ 33.Be2 b4 34.Nxa4 bxa3 35.bxa3 Ra2 36.Nc3 Rxa3
37.Nd5 Ra7 38.f4 f5 39.Ke3 Ra4 40.g4 fxg4 41.hxg4 Ra8 42.Bd3 Re8+ 43.Be4 Ra8
44.f5 gxf5 45.gxf5 Ra3+ 46.Kf4 Kf7 47.Ke5 h5 48.Nf4 h4 49.Bd5+ Ke8 50.f6 Ra7
51.Kf5 h3 52.Nxh3 Ra1 53.Kg6 Kf8 54.Nf4 Rg1+ 55.Kh6 Rf1 56.Ng6+ Ke8 57.Kg7 Rxf6
58.Kxf6 Kd7 59.Ke5 Kc7 60.Kd4 Kd6 61.Kc4 Kd7 62.Kc5 Kc7 63.Bc6 Kc8 64.Nf4 Kd8
65.Nd5 Kc8 66.Kd6 Kd8 67.Nf4 Kc8 68.Ne6 Kb8 69.Kc5 Ka7 70.Kb5 Kb8 71.Ka6  1-0

[Event "2nd Danube Rapid Cup 2013"]
[Site "Kozloduy BUL"]
[Date "2013.11.02"]
[Round "6.4"]
[White "Nevednichy,V"]
[Black "Saric,Iv"]
[Result "0-1"]
[WhiteElo "2590"]
[BlackElo "2628"]

1.e4 c5 2.Nf3 Nc6 3.Bb5 g6 4.Bxc6 dxc6 5.d3 Bg7 6.h3 Nf6 7.Nc3 Nd7 8.Be3 e5
9.Qd2 h6 10.Nh2 Qe7 11.O-O Nf8 12.f4 exf4 13.Rxf4 Be6 14.Raf1 O-O-O 15.R4f2 g5
16.Ne2 Ng6 17.Ng3 Nh4 18.Nf3 g4 19.hxg4 Bxb2 20.c3 Ba3 21.Qc2 Qd6 22.Nxh4 Qxg3
23.Nf5 Bxf5 24.Rf3 Qxg4 25.Rxf5 Rhg8 26.R1f2 c4 27.d4 Be7 28.Rxf7 Bh4 29.R2f3 Rd7
30.R7f4 Qh5 31.Rh3 Rg4 32.Qe2 Rdg7 33.Rxg4 Qxg4 34.Qxg4+ Rxg4 35.e5 Rg3 36.Rxg3 Bxg3
37.Kf1 h5 38.Ke2 Kd7 39.Bd2 Ke6 40.Kf3 Bh4 41.Ke4 b5 42.Kf4 a5 43.g3 Be7
44.Ke4 Bf8 45.Bc1 b4 46.cxb4 axb4 47.Bd2 Be7 48.Bc1 Bd8 49.Bd2 Ba5 50.Bc1 b3
51.axb3 cxb3 52.Bb2 Be1 53.Kf4 Kd5 54.Kg5 Bxg3 55.Kxh5 c5 56.Kg4 Bh2 57.dxc5 Bxe5
58.c6 Bd6 59.Kf3 Kxc6 60.Ke4 Kb5 61.Kd3 Kb4 62.Kd2 Bf4+ 63.Kd3 Bg5 64.Ke2 Kc4
65.Kd1 Kd3 66.Be5 Bf4 67.Bb2 Be3 68.Ba3 Kc3 69.Be7 Kb2 70.Bf6+ Ka2 71.Bc3 Bc5
72.Be5 Ba3 73.Bc3 Bb2 74.Bd2 Bf6 75.Bc1 Be7  0-1

[Event "TCh-CZE Extraliga 2013-14"]
[Site "Novy Bor CZE"]
[Date "2013.11.02"]
[Round "1.2"]
[White "Kryvoruchko,Y"]
[Black "Shirov,A"]
[Result "1/2-1/2"]
[WhiteElo "2701"]
[BlackElo "2695"]

1.e4 c5 2.Nf3 Nc6 3.Bb5 e6 4.O-O Nge7 5.c3 a6 6.Ba4 b5 7.Bc2 Bb7 8.Re1 Rc8
9.a4 b4 10.d4 bxc3 11.d5 Nb4 12.bxc3 Nxc2 13.Qxc2 Ng6 14.Nbd2 c4 15.Rb1 Ba8
16.Qa2 Bc5 17.Nxc4 O-O 18.Ne3 Nf4 19.c4 Nd3 20.Rd1 Nxc1 21.Rbxc1 Bxe3 22.fxe3 Rc5
23.Qa3 Qc7 24.Nd2 h6 25.Rb1 Rc8 26.Qb2 Qd8 27.Qd4 d6 28.Rb4 Qe8 29.Rdb1 f5
30.Rb6 fxe4 31.dxe6 d5 32.Rxa6 R5c7 33.Qe5 Qe7 34.Rf1 Qc5 35.Rf7 Rxf7 36.exf7+ Kxf7
37.Nf1 dxc4 38.Qxc5 Rxc5 39.Ra7+ Kg6 40.Rxa8 c3 41.Ng3 c2 42.Ra6+ Kg5 43.Ne2 c1=Q+
44.Nxc1 Rxc1+ 45.Kf2 Rc2+ 46.Kg3 Re2 47.h4+ Kh5 48.Re6 Rxe3+ 49.Kf2 Ra3 50.Rxe4 g5
51.hxg5 Kxg5 52.g3 h5 53.Rb4 Kf5 54.Kg2 Ra1 55.Rc4 Kg5 56.Rf4 Ra2+ 57.Kh3 Ra1
58.Rb4 Rh1+ 59.Kg2  1/2-1/2

[Event "TCh-CZE Extraliga 2013-14"]
[Site "Trinec CZE"]
[Date "2013.11.02"]
[Round "1.4"]
[White "Rasik,V"]
[Black "Plat,V"]
[Result "1/2-1/2"]
[WhiteElo "2450"]
[BlackElo "2472"]

1.e4 c5 2.Nf3 Nc6 3.Bb5 g6 4.Bxc6 dxc6 5.d3 Bg7 6.h3 Nf6 7.Nc3 Nd7 8.Be3 e5
9.Qd2 h6 10.Nh2 b6 11.O-O g5 12.Ne2 Nf8 13.Ng3 Ng6 14.Nh5 O-O 15.Nxg7 Kxg7
16.c3 f5 17.exf5 Bxf5 18.d4 cxd4 19.cxd4 exd4 20.Qxd4+ Qxd4 21.Bxd4+ Kg8
22.Rfe1 Rad8 23.Bc3 Nf4 24.Ng4 Bxg4 25.hxg4 Rfe8 26.Kf1 Kf7 27.Rxe8 Rxe8
28.Rd1 Nd5 29.Rd3 a5 30.f3 a4 31.Kf2 Kg6 32.Bd2 b5  1/2-1/2

[Event "TCh-CZE Extraliga 2013-14"]
[Site "Lysa nad Labem CZE"]
[Date "2013.11.03"]
[Round "2.6"]
[White "Jansa,Vl"]
[Black "Zwardon,V"]
[Result "1/2-1/2"]
[WhiteElo "2449"]
[BlackElo "2383"]

1.e4 c5 2.Nf3 Nc6 3.Bb5 g6 4.Bxc6 dxc6 5.h3 Bg7 6.d3 Nf6 7.O-O O-O 8.Nc3 b6
9.Be3 e5 10.Qd2 Qd6 11.Bh6 Nh5 12.Ne2 f6 13.b3 g5 14.Bxg7 Nxg7 15.Ng3 h5
16.h4 Bg4 17.Qe3 Bxf3 18.Qxf3 gxh4 19.Nxh5 Qe6 20.Rae1 Rf7 21.Re3 Nxh5 22.Qxh5 Rh7
23.Qe2 Kh8 24.Kh2 Rg8 25.Rh1 Rg4 26.Kg1 Qg8 27.Rh2 Qg5 28.Qf3 Kg8 29.Kf1 Kf8
30.Qf5 Qxf5 31.exf5 Rf4 32.Re4 Rxf5 33.Rexh4 Rxh4 34.Rxh4 Kg7 35.a3 Rg5 36.g3 a5
37.Ke2 f5 38.Ke3 Rg6 39.Rh5 Rf6 40.f4 Re6 41.Rxf5 exf4+ 42.Kxf4 Re2 43.c4 Rb2
44.Ke5 Rxb3 45.Rf6 Rxa3 46.Rxc6 Rb3 47.d4 cxd4 48.Kxd4 a4 49.c5 bxc5+  1/2-1/2

[Event "3rd Panama Open"]
[Site "Panama City PAN"]
[Date "2013.11.03"]
[Round "5.22"]
[White "Gascon,Jose Rafael"]
[Black "Hernandez,Erick"]
[Result "1-0"]
[WhiteElo "2295"]
[BlackElo "2007"]

1.e4 c5 2.Nf3 Nc6 3.Bb5 g6 4.O-O Bg7 5.c3 a6 6.Ba4 b5 7.Bc2 d6 8.h3 Nf6 9.d4 cxd4
10.cxd4 O-O 11.Nc3 Bb7 12.Re1 e5 13.d5 Ne7 14.Be3 h6 15.Qd2 Kh7 16.a4 b4
17.Ne2 a5 18.g4 Qd7 19.Ng3 Nxg4 20.hxg4 Qxg4 21.Qe2 Qh3 22.Qf1 Qg4 23.Nh2 Qh4
24.Nf3 Qg4 25.Bd1 Ba6 26.Ng5+ hxg5 27.Bxg4 Bxf1 28.Rxf1 Bh6 29.Rac1 Nxd5
30.exd5 f5 31.Rc7+ Kg8 32.Bh3 e4 33.Nxe4  1-0

[Event "Krasnoselskaya Autumn IM 2013"]
[Site "St Petersburg RUS"]
[Date "2013.11.03"]
[Round "3.5"]
[White "Rozum,I"]
[Black "Yevseev,D"]
[Result "1/2-1/2"]
[WhiteElo "2523"]
[BlackElo "2533"]

1.e4 c5 2.Nf3 Nc6 3.Bb5 Nf6 4.Bxc6 dxc6 5.d3 Qc7 6.e5 Ng4 7.Qe2 Nh6 8.Nbd2 g6
9.Ne4 Bg7 10.O-O Bg4 11.Nf6+ Bxf6 12.exf6 Nf5 13.Qe5 Qd6 14.Re1 Kd7 15.Qxd6+ exd6
16.Ng5 Rae8 17.Rxe8 Rxe8 18.f3 Nd4 19.fxg4 Nxc2 20.Rb1 Re1+ 21.Kf2 Rh1 22.Nf3 b5
23.a3 a5 24.Ng1 Ne1 25.Be3 Nxd3+ 26.Ke2 c4 27.h3 a4 28.Kf1 c5 29.g3 Rh2 30.Ne2 g5
31.h4 gxh4 32.Bg1 hxg3 33.Bxh2 gxh2 34.Kg2 Ke6 35.Nc3 b4 36.axb4 cxb4 37.Nxa4 d5
38.g5 d4 39.Rd1 h1=Q+ 40.Rxh1 c3 41.bxc3 dxc3 42.Rxh7 c2 43.Rh1 Kf5 44.Kf3 Kxg5
45.Ke3 c1=Q+ 46.Rxc1 Nxc1 47.Kd4 Kxf6 48.Kc4 b3 49.Kc3 Ke5 50.Kb2 Nd3+ 51.Kxb3 Kd4
52.Kc2 Ke3 53.Nc3 f5 54.Nd1+ Kd4 55.Kd2 f4 56.Ke2 Ne5  1/2-1/2

[Event "Arab Clubs 2013"]
[Site "Monastir TUN"]
[Date "2013.11.04"]
[Round "1.1"]
[White "Zaibi,A"]
[Black "Bouaziz,M"]
[Result "1-0"]
[WhiteElo "2236"]
[BlackElo "2217"]

1.e4 c5 2.Nf3 Nc6 3.Bb5 g6 4.c3 Bg7 5.O-O a6 6.Qa4 Nf6 7.d4 Qb6 8.Bd3 cxd4
9.e5 Nd5 10.cxd4 Qb4 11.Qd1 Nxd4 12.a3 Qb6 13.Be4 Nxf3+ 14.Qxf3 e6 15.Bxd5 exd5
16.Nc3 Qb3 17.Qxd5 Qxd5 18.Nxd5 O-O 19.Nb6 Rb8 20.Bf4 d6 21.exd6 Bd4 22.d7 Bxb6
23.Bxb8 Bxd7 24.Bd6 Re8 25.Rfe1 Be6 26.Rac1 h5 27.h3 Kh7 28.Bc7 Ba7 29.Be5 Bb6
30.Bf6 Ra8 31.Kf1 a5 32.f3 a4 33.g4 Kh6 34.g5+ Kh7 35.Kg2 Re8 36.Re4 Ra8
37.h4 Kg8 38.Rb4 Be3 39.Rc7 Bd5 40.Rxa4 Rb8 41.Re7 Bc5 42.Re5 Bc6 43.Rc4 Bd6
44.Re1 Ra8 45.Rd4 Bc5 46.Rdd1  1-0

[Event "3rd Panama Open"]
[Site "Panama City PAN"]
[Date "2013.11.04"]
[Round "7.22"]
[White "Gascon,Jose Rafael"]
[Black "Madrigal,M"]
[Result "1/2-1/2"]
[WhiteElo "2295"]
[BlackElo "2152"]

1.e4 c5 2.Nf3 Nc6 3.Bb5 g6 4.O-O Bg7 5.c3 Nf6 6.Qa4 Qc7 7.d4 O-O 8.e5 Ne8
9.Bf4 Qb8 10.Bg3 a6 11.Bd3 b5 12.Qd1 cxd4 13.cxd4 d6 14.Nc3 Bb7 15.Re1 dxe5
16.dxe5 e6 17.Rc1 Qa7 18.Qe2 Rd8 19.Bf4 Nc7 20.Be3 Qa8 21.Bg5 Nd4 22.Nxd4 Rxd4
23.Be4 Nd5 24.f3 Nxc3 25.bxc3 Rc4 26.Bd3 Rc5 27.Bf6 Rfc8 28.Bxg7 Kxg7 29.c4 Bd5
30.Qe3 bxc4 31.Bc2 c3 32.h4 Qa7 33.Kh1 Qe7 34.g3 h5 35.Kh2 Rb5 36.Kh3 Rb4
37.a3 Rb2 38.g4 hxg4+ 39.fxg4 Rh8 40.h5 gxh5 41.g5 Qc7 42.Rg1 Qb6 43.Qf4 Rxc2
44.Rcf1 Qb7 45.Qf6+ Kg8 46.Qd8+ Kg7 47.Qf6+ Kg8 48.Qd8+ Kg7 49.Qf6+  1/2-1/2

[Event "FSFMA November 2013"]
[Site "Budapest HUN"]
[Date "2013.11.05"]
[Round "3.4"]
[White "Lukacs,Albert"]
[Black "Mester,A"]
[Result "1-0"]
[WhiteElo "1928"]
[BlackElo "2049"]

1.e4 c5 2.Nf3 Nc6 3.Bb5 g6 4.O-O Bg7 5.Nc3 Nh6 6.h3 O-O 7.d3 f6 8.Be3 d6
9.d4 cxd4 10.Nxd4 Nxd4 11.Bxd4 a6 12.Bc4+ e6 13.a4 b6 14.Qe2 Nf7 15.f4 Qc7
16.f5 d5 17.Bb3 gxf5 18.exf5 e5 19.Nxd5 Qd6 20.Be3 Rb8 21.Rad1 b5 22.a5 Kh8
23.Bb6 Qc6 24.Qh5 Bb7 25.Rf2 Nh6 26.Be3 Qe8 27.Qh4 Ng8 28.Nc7 Qe7 29.Ne6 Rfc8
30.Rfd2 Bc6 31.Bc5 Qb7 32.Qg3 Bh6 33.Nd8 Qg7 34.Nf7+ Qxf7 35.Bxf7 Bxd2 36.Rxd2 Nh6
37.Be6 Rg8 38.Qh4  1-0

[Event "3rd Panama Open"]
[Site "Panama City PAN"]
[Date "2013.11.05"]
[Round "9.29"]
[White "Ortiz,Ma"]
[Black "Hernandez,Erick"]
[Result "0-1"]
[WhiteElo "2208"]
[BlackElo "2007"]

1.e4 c5 2.Nf3 Nc6 3.Bb5 g6 4.Bxc6 bxc6 5.O-O Bg7 6.c3 d6 7.d4 cxd4 8.cxd4 Nh6
9.h3 O-O 10.Nc3 Ba6 11.Re1 Rb8 12.b3 c5 13.Be3 cxd4 14.Nxd4 Rc8 15.Nd5 Kh8
16.Rc1 Qd7 17.Qd2 Ng8 18.Qa5 Bd3 19.f3 e5 20.Ne2 Bxe2 21.Rxc8 Qxc8 22.Rxe2 a6
23.Qc7 Qe6 24.Rc2 f5 25.Rc6 fxe4 26.fxe4 Nf6 27.Nxf6 Qxf6 28.Rc1 Qh4 29.Qxd6 Qxe4
30.Qd2 Qf5 31.Rc7 Qf1+ 32.Kh2 Qf6 33.Rxg7 Qxg7 34.Bh6 Qe7 35.Bxf8 Qxf8 36.Kh1 Qf1+
37.Kh2 Kg7 38.Qd5 Qf4+ 39.Kh1 Qf1+ 40.Kh2 Qf4+ 41.g3 Qf2+ 42.Kh1 Qxg3 43.Qd7+ Kh6
44.Qc7 Qf4  0-1

[Event "3rd Panama Open"]
[Site "Panama City PAN"]
[Date "2013.11.05"]
[Round "9.18"]
[White "Arribas Robaina,M"]
[Black "Madrigal,M"]
[Result "1/2-1/2"]
[WhiteElo "2313"]
[BlackElo "2152"]

1.e4 c5 2.Nf3 Nc6 3.Bb5 g6 4.O-O Bg7 5.Re1 e5 6.Nc3 Nge7 7.a3 O-O 8.d3 h6
9.Nd5 a6 10.Bc4 b5 11.Ba2 d6 12.c3 Bb7 13.b4 Nxd5 14.Bxd5 Qe7 15.Be3 Rac8
16.Qb3 Kh8 17.a4 cxb4 18.axb5 axb5 19.cxb4 Nd4 20.Nxd4 exd4 21.Bd2 Qd7 22.h3 Rc7
23.Bxb7 Rxb7 24.Ra6 Ra7  1/2-1/2

[Event "Arab Clubs 2013"]
[Site "Monastir TUN"]
[Date "2013.11.06"]
[Round "4.2"]
[White "Chiya Mder,Hamad"]
[Black "Bouaziz,M"]
[Result "0-1"]
[WhiteElo "2031"]
[BlackElo "2217"]

1.e4 c5 2.Nf3 Nc6 3.Bb5 g6 4.O-O Bg7 5.Re1 Nf6 6.c3 O-O 7.d4 cxd4 8.cxd4 d5
9.e5 Ne4 10.h3 Qb6 11.Bf1 f6 12.Nc3 Nxc3 13.bxc3 fxe5 14.dxe5 e6 15.Qb3 Nxe5
16.Nd4 Nc6 17.Qxb6 axb6 18.Nb5 Nb4 19.Rb1 Nxa2 20.Nc7 Ra5 21.Bd2 Nxc3 22.Rb3 Ne4
23.Bxa5 bxa5 24.Rf3 Bd4 25.Re2 Bd7 26.Ra2 Rc8 27.Nb5 Bb6 28.g3 Rc1 29.Rb3 a4
30.Rxa4 Nd2  0-1

[Event "Chinese Zonal w 2013"]
[Site "Zhongshan CHN"]
[Date "2013.11.06"]
[Round "9.3"]
[White "Zhang Xiaowen"]
[Black "Tan Zhongyi"]
[Result "1/2-1/2"]
[WhiteElo "2377"]
[BlackElo "2490"]

1.e4 c5 2.Nf3 Nc6 3.Bb5 d6 4.O-O Bd7 5.Re1 Nf6 6.c3 a6 7.Bf1 Bg4 8.h3 Bxf3
9.Qxf3 e6 10.d3 Be7 11.Nd2 O-O 12.Qg3 e5 13.Nc4 Re8 14.Bh6 Bf8 15.Bg5 Be7
16.Bh6 Bf8 17.Bg5 Be7 18.Qf3 h6 19.Bh4 Rb8 20.Ne3 g6 21.Be2 b5 22.Bd1 Nh7
23.Bxe7 Nxe7 24.Bb3 Rf8 25.Ng4 Kg7 26.Qe3 Ng8 27.f4 h5 28.Nh2 exf4 29.Qxf4 c4
30.dxc4 bxc4 31.Bxc4 Rxb2 32.Rad1 Qc7 33.Rd4 Rc8 34.Nf3 Ngf6 35.Bxa6 Re8
36.Bc4 Rc2 37.Qxd6 Qxd6 38.Rxd6 Rxe4 39.Rxe4 Nxe4 40.Rd7 Rxc3 41.Rxf7+ Kh6
42.Bd5 Nhf6 43.Bxe4 Nxe4 44.Re7 Nf6 45.h4 Ng4 46.Kf1 Ne3+ 47.Kf2 Nf5 48.Re2 Rc4
49.g3 Rg4 50.Ng5 Nxg3 51.Re7 Nh1+ 52.Kf3 Rxh4 53.Ne4 Rh2 54.a4 Ra2 55.Ra7 h4
56.Kg4 Rb2 57.Ra8 Rb4 58.Kf3 g5 59.Ra6+ Kg7 60.Nxg5 Ng3 61.Kg2 Nf5 62.Kh3 Rc4
63.a5 Ra4 64.Ne6+ Kf7 65.Ng5+ Kg7  1/2-1/2

[Event "Arab Clubs 2013"]
[Site "Monastir TUN"]
[Date "2013.11.07"]
[Round "5.4"]
[White "Mahdia,F"]
[Black "Namir,M"]
[Result "0-1"]
[WhiteElo "2035"]
[BlackElo "2218"]

1.e4 c5 2.Nf3 Nc6 3.Bb5 g6 4.c3 Nf6 5.Qe2 Bg7 6.d3 O-O 7.h3 d6 8.O-O e5 9.a4 Nh5
10.Na3 h6 11.Be3 Qe7 12.Rad1 Bd7 13.d4 a6 14.Bc4 exd4 15.cxd4 cxd4 16.Nxd4 Nxd4
17.Bxd4 Bxa4 18.b3 Bc6 19.Rfe1 Be5 20.Be3 Nf4 21.Qf3 Qh4 22.Bxf4 Qxf4 23.Qxf4 Bxf4
24.g3 Be5 25.Nc2 Rfe8 26.f4 Bc3 27.Re2 Rxe4 28.Rxd6 Rxe2 29.Bxe2 Kf8 30.Kf2 Ke7
31.Rd1 Rd8 32.Rxd8 Kxd8 33.Ke3 Kd7 34.g4 Ba5 35.b4 Bb6+ 36.Kd2 g5 37.fxg5 hxg5
38.Bf1 f6 39.Na3 Ke6 40.b5 axb5 41.Nxb5 Ke5 42.Na3 Kf4 43.Nc4 Bc5 44.Kc3 Kg3
45.Na5 Bf3 46.Nb3 Bb6 47.Kd3 Kf2 48.Nd2 Bc6 49.Nc4 Kxf1 50.Nxb6 Kg2 51.Nc8 Kxh3  0-1

[Event "Arab Clubs 2013"]
[Site "Monastir TUN"]
[Date "2013.11.07"]
[Round "6.2"]
[White "Chiya Mder,Hamad"]
[Black "Ghattour,M"]
[Result "1-0"]
[WhiteElo "2031"]
[BlackElo "2127"]

1.e4 c5 2.Nf3 Nc6 3.Bb5 g6 4.O-O Bg7 5.c3 e5 6.d3 a6 7.Bc4 Nf6 8.a4 O-O 9.Nbd2 d6
10.Ba2 Rb8 11.Nc4 h6 12.a5 Kh7 13.Qa4 Bg4 14.Nfd2 Be2 15.Re1 Bxd3 16.Re3 Bxe4
17.Nxe4 Nxe4 18.Rxe4 d5 19.Re1 dxc4 20.Bxc4 Qc7 21.Be3 Nd8 22.Red1 Rc8 23.Rd7 Qb8
24.Qa3 Rc7 25.Rxc7 Qxc7 26.Qxc5 Qd7 27.Bb3 Qg4 28.Qc4 Qh5 29.Rd1 Ne6 30.Qd3 Qg4  1-0

[Event "Chinese Zonal w 2013"]
[Site "Zhongshan CHN"]
[Date "2013.11.07"]
[Round "10.6"]
[White "Zhai Mo"]
[Black "Qin,R"]
[Result "1-0"]
[WhiteElo "2301"]
[BlackElo "2045"]

1.e4 c5 2.Nf3 Nc6 3.Bb5 g6 4.Bxc6 bxc6 5.O-O Bg7 6.Re1 e5 7.c3 Ne7 8.d4 cxd4
9.cxd4 exd4 10.Nxd4 O-O 11.Nc3 Rb8 12.Nb3 d5 13.Bg5 f6 14.Be3 dxe4 15.Bc5 Bd7
16.Rxe4 Rf7 17.Bxa7 Ra8 18.Bc5 f5 19.Re1 f4 20.Nd4 Bxd4 21.Qxd4 f3 22.Bxe7 Rxe7
23.Ne4 Rf7 24.Qc4 Qh4 25.g3 Qe7 26.Nc5 Rxa2 27.Rad1  1-0

[Event "TCh-CRO II Liga 2013"]
[Site "Makarska CRO"]
[Date "2013.11.08"]
[Round "7.6"]
[White "Malesevic,Elvino"]
[Black "Sevelj,B"]
[Result "1-0"]
[WhiteElo "1905"]
[BlackElo "2026"]

1.e4 c5 2.Nf3 Nc6 3.Bb5 Qb6 4.Nc3 e6 5.Bxc6 Qxc6 6.O-O d6 7.b3 b5 8.d3 Be7
9.Bg5 Nf6 10.Re1 Bb7 11.Qe2 a6 12.a4 O-O 13.Bh4 Rfe8 14.axb5 axb5 15.Rxa8 Bxa8
16.Ra1 Qb7 17.Nd2 g6 18.f3 h6 19.Bf2 Nd7 20.Ra2 Bf6 21.Nd1 Qc7 22.Ne3 Bg7
23.Qd1 Nb6 24.Qc1 d5 25.c4 d4 26.Nef1 b4 27.Qa1 Qc8 28.Ra7 Nd7 29.Bg3 Ne5
30.Bxe5 Bxe5 31.Kf2 Bf4 32.g3 Bc7 33.Qa6 Qxa6 34.Rxa6 e5 35.Kg2 Kg7 36.h3 Bb7
37.Ra7 Rb8 38.Nh2 Bd6 39.Ng4 h5 40.Nf2 f5 41.exf5 gxf5 42.g4 Kg6 43.gxf5+ Kxf5
44.Nfe4 Be7 45.Ng3+ Kf4 46.Kf2 Bh4 47.Nf1 Kg5 48.Kg2 Kg6 49.Nd2 Be7 50.Nde4 Bf8
51.Ra5 Rc8 52.Rb5 Rc7 53.Rb6+ Bc6 54.Rb8 Be7 55.Rg8+ Kh7 56.Rb8 Kg6 57.Rg8+ Kf7
58.Rh8 Bxe4 59.Nxe4 Ra7 60.Rxh5 Ke6  1-0

[Event "TCh-CRO II Liga 2013"]
[Site "Makarska CRO"]
[Date "2013.11.09"]
[Round "8.2"]
[White "Jakic,I"]
[Black "Deur,Z"]
[Result "1-0"]
[WhiteElo "2413"]
[BlackElo "2112"]

1.e4 c5 2.Nf3 Nc6 3.Bb5 e6 4.O-O Nge7 5.Nc3 Nd4 6.Nxd4 cxd4 7.Ne2 Qb6 8.Bd3 Nc6
9.c3 Be7 10.b3 O-O 11.Bb2 Bf6 12.Kh1 d6 13.Ng3 g6 14.f4 Qd8 15.b4 dxc3 16.Bxc3 e5
17.f5 Kg7 18.Qg4 Bg5 19.Rf2 h5 20.Qe2 h4 21.Nf1 gxf5 22.exf5 f6 23.b5 Ne7
24.Ne3 d5 25.Bb4 Re8 26.Qh5 Bd7 27.Raf1 e4 28.Bc3 Bxe3 29.dxe3 exd3 30.Qg5+ Kh7
31.Bxf6 Nxf5 32.Rxf5 Bxf5 33.Qg7+  1-0

[Event "Arab Clubs 2013"]
[Site "Monastir TUN"]
[Date "2013.11.09"]
[Round "8.2"]
[White "Chiya Mder,Hamad"]
[Black "Amdouni,Z"]
[Result "1/2-1/2"]
[WhiteElo "2031"]
[BlackElo "2247"]

1.e4 c5 2.Nf3 Nc6 3.Bb5 e6 4.O-O Nge7 5.Re1 a6 6.Bf1 e5 7.c3 d6 8.d4 cxd4
9.cxd4 g6 10.h3 Bg7 11.dxe5 dxe5 12.Qxd8+ Nxd8 13.Nc3 Ndc6 14.Be3 Be6 15.Bb6 Nc8
16.Bc5 b6 17.Ba3 Bf8 18.Nd5 Bxa3 19.Nc7+ Kd7 20.Nxa8 Bc5 21.Red1+ Nd6 22.b4 Nxb4
23.Nxe5+ Ke7 24.a3 Nc2 25.Nc6+ Kd7 26.Ne5+ Ke7 27.Nc6+  1/2-1/2

[Event "Chennai GM Open 2013"]
[Site "Chennai IND"]
[Date "2013.11.15"]
[Round "1.1"]
[White "Popov,Iv RUS"]
[Black "Deshpande,Ani"]
[Result "1-0"]
[WhiteElo "2652"]
[BlackElo "2291"]

1.e4 c5 2.Nf3 Nc6 3.Bb5 g6 4.Bxc6 dxc6 5.d3 Bg4 6.Nbd2 Bg7 7.h3 Bxf3 8.Nxf3 e5
9.Be3 Qd6 10.Nd2 Nf6 11.Nc4 Qe7 12.O-O Rd8 13.f4 exf4 14.Bxf4 Nh5 15.Bh2 O-O
16.Qg4 b5 17.Na5 Rc8 18.Rab1 Bd4+ 19.Kh1 Be5 20.Bxe5 Qxe5 21.Rf3 Rc7 22.Qh4 f5
23.exf5 Rxf5 24.Nxc6 Rxc6 25.Qd8+ Kg7 26.Qd7+ Kh6 27.Rxf5 Ng3+ 28.Kg1 Ne2+
29.Kf2 Qxf5+ 30.Qxf5 gxf5 31.Kxe2 Kg5 32.Kf3 c4 33.d4 Ra6 34.a3 c3 35.bxc3 Rxa3
36.Rb3 Ra2 37.Rxb5 Rxc2 38.Rc5 Kf6 39.Rc6+ Ke7 40.Ra6 Rxc3+ 41.Kf4 h5 42.Kxf5 Rg3
43.Rxa7+ Kd6 44.Ra6+ Kd5 45.Rg6  1-0

[Event "2nd Crimea Autumn 2013"]
[Site "Simferopol UKR"]
[Date "2013.11.15"]
[Round "3"]
[White "Alexeev,Alexe"]
[Black "Kurbedinov,R"]
[Result "1-0"]
[WhiteElo "2316"]
[BlackElo "2331"]

1.e4 c5 2.Nf3 Nc6 3.Bb5 e6 4.O-O Nge7 5.Re1 Ng6 6.c3 d5 7.Qa4 a6 8.Bxc6+ bxc6
9.exd5 Qxd5 10.Na3 Be7 11.Nc4 Rb8 12.Nce5 Bb7 13.b3 Bf6 14.Ng4 Be7 15.Ba3 O-O
16.Nge5 Qd8 17.Rad1 Qc7 18.Qg4 Rbd8 19.Nxg6 hxg6 20.Ne5 Rd5 21.f4 g5 22.d4 cxd4
23.Bxe7 Qxe7 24.c4 Ra5 25.fxg5 Rxa2 26.c5 g6 27.Qh4 d3 28.Ng4 f5 29.gxf6 Qxc5+
30.Kh1 Qh5 31.f7+ Rxf7 32.Nf6+ Rxf6 33.Qxf6 Rxg2 34.Kxg2 c5+ 35.Kg3 Bd5 36.Rxd3 g5
37.Rxd5 Qh4+ 38.Kg2 Qg4+ 39.Kh1  1-0